000
00365nam a2200133Ia 4500
008
151001s9999||||xx |||||||||||||| ||und||
100
_a
Sibnarayan Ray
245
_a
In freedoms quest
250
_a
1
260
_b
Renissance
260
_c
2007
300
_a
216
365
_b
21
999
_c
989541
_d
989538